LEADER 00936nam a2200193 i 4500 001 000000000675 003 CaOOAMICUS 005 20180830125433.0 008 180830s1948 it u000 u ita u 040 $aSeMil$bita 245 10$aCursus theologicus :$bin Facultatibus Cheriensi et Kurulitana Professoribus exaratus. 260 $aNeapoli :$bD'Auria,$c1948. 300 $a4 v. ;$c24 cm. 774 0 $aCalcagno, Francesco Saverio $tTheologia fundamentalis.$gVol.1$w()66384 774 0 $aBozzola, Carlo $t2: De Deo Uno et Trino ; De Deo creante et elevante.$gVol.2$w()66389 774 0 $aBozzola, Carlo $tDe Verbo Incarnato ; De Gratia et de Virtutibus.$gVol.3$w()66390 774 0 $aBozzola, Carlo $tSacramentis.$gVol.4$w()66391 996 $6245$aCursus theologicus :$bin Facultatibus Cheriensi et Kurulitana Professoribus exaratus$9(OLS)http://semarc/title/980 996 $6260$aNeapoli :$bD'Auria$9(OLS)http://semarc/publisher/29955 LEADER 00979nam a2200241 i 4500 001 000000042793 003 CaOOAMICUS 005 20090730000000.0 008 090730s1967 fr u000 u fre u 013 $a13963 040 $aSeMil$bita 100 1 $aLossky, Vladimir <1903-1958>.$0(OLS)http://semarc/name/21202 245 10$aA l'image et à la ressemblance de Dieu /$cVladimir Lossky. 260 $aParis :$bAubier-Montaigne,$c1967. 300 $a225 p. ;$c20 cm. 490 0 $aLe buisson ardent : collection orthodoxe 650 4$aTeologia ortodossa.$0(OLS)http://semarc/subject/2276 650 4$aDio.$0(OLS)http://semarc/subject/4429 830 3$aLe buisson ardent.$0(OLS)http://semarc/title/26743 850 $aSeMil 852 $aSeMil$W1$xVenegono$y1$m2B I 267$j8948$B8948$CSeMilBibl$Z2$F8948 $81 996 $6245$aA l'image et à la ressemblance de Dieu$9(OLS)http://semarc/title/62572 996 $6260$aParis :$bAubier-Montaigne$9(OLS)http://semarc/publisher/29782